000
nam a22 7a 4500
999
_c
53445
_d
53445
003
OSt
005
20220722120558.0
008
220722b xxu||||| |||| 00| 0 eng d
040
_c
IIMT UNIVERSITY MEERUT
100
_a
LUTHRA, TYAGI
245
_a
PURAN HAL (HINDI) -2nd
260
_b
BHARAT BHARTI
300
_a
177
942
_2
ddc
_c
09